|
|
|
|
| LEADER |
00000cam a2200000 a 4500 |
| 001 |
vtls009693613 |
| 003 |
SK-MaSNL |
| 005 |
20260302010255.0 |
| 008 |
240318s1975 xo e nf 000 0 slo |
| 015 |
|
|
|a SNBA1975
|
| 035 |
|
|
|a (SVKBBclas03)vtls000063234
|
| 040 |
|
|
|a SNK
|b slo
|c SNK
|e AACR2
|
| 041 |
0 |
|
|a slo
|
| 044 |
|
|
|a xo
|c SK
|
| 080 |
|
|
|a 374.4/.6
|2 1981
|
| 100 |
1 |
|
|a Milec, Andrej
|4 aut
|9 5018
|
| 245 |
1 |
0 |
|a Osobnosť lektora v mimoškolskom vzdelávaní
|b metodická príručka pre osvetových pracovníkov a lektorov
|c Andrej Milec, Tomáš Novák, Jaroslav Štěpaník
|
| 260 |
|
|
|a Bratislava
|b Osvetový ústav
|c 1975
|
| 300 |
|
|
|a 71 s.
|c 28 cm
|
| 366 |
|
|
|e 500 výt. Nepredajné
|
| 504 |
|
|
|a Bibliogr. odkazy
|
| 650 |
0 |
7 |
|a osvetoví pracovníci
|2 SNKPH
|9 79906
|
| 650 |
0 |
7 |
|a lektori (vzdelávanie)
|2 SNKPH
|9 31766
|
| 650 |
0 |
7 |
|a mimoškolské vzdelávanie
|2 SNKPH
|9 66292
|
| 655 |
|
7 |
|a metodické príručky
|2 SNKPH
|9 70250
|
| 700 |
1 |
|
|a Novák, Tomáš,
|d 1946-
|4 aut
|9 316296
|
| 700 |
1 |
|
|a Štěpaník, Jaroslav,
|d 1941-
|4 aut
|9 99329
|
| 958 |
|
|
|a OND
|
| 958 |
|
|
|a RM
|
| 958 |
|
|
|a NB
|
| 999 |
|
|
|c 1002575
|d 1004505
|
| 952 |
|
|
|a SNK
|b SNK
|y PREZ
|7 0
|p 17A0925097
|o snkSB 23306
|i snkKSP 2196/76
|0 0
|1 0
|4 0
|d 2014-06-09
|f 1
|l 0
|r 2025-03-26 00:00:00
|w 2026-02-24
|
| 952 |
|
|
|a SNK
|b SNK
|y VYP
|7 0
|p 17A1346210
|o snkSB 23306 D1
|i snkKSP 2197/76
|0 0
|1 0
|4 0
|d 2025-01-09
|l 0
|r 2026-02-24 12:25:22
|w 2026-02-24
|